Podiums des séries mondiales de rugby à 7 féminines. (2012 - ...) - Statistiques

Statistiques générales
  • Ce quiz a été pris 115 fois
  • Le résultat moyen est 6 sur 7
Statistiques - réponses
1er 2e 3e Vainqueur % Correct
2022 | 2024 2018 France
100%
2013 | 2014 | 2015 | 2017 |2019 | 2020 | 2023 2016 | 2018 2024 Nouvelle-Zélande
96%
2016 | 2018 | 2022 | 2024 2014 | 2017 | 2020 | 2023 2015 Australie
95%
2013 Angleterre
93%
2022 Fidji
90%
2019 2023 Etats-Unis
85%
2015 2013 | 2014 | 2016 | 2017 |2019 | 2020 Canada
83%
Aucun quiz correspondant
Distribution des résultats
% des personnes avec chaque résultat
Percentile par nombre de réponses
Votre historique - résultats
Vous n’avez pas pris ce quiz